000 00281nam a22001337a 4500
008 170920b xxu||||| |||| 00| 0 eng d
020 _a0517177110
041 _aeng
080 _a7
100 _a45
101 _aART
245 _aTHE IMPRESSIONISTS
_cGAUNT,.W
942 _2udc
_cBK
999 _c28501
_d28501